| 000 | 00722cam a22002292 4500 | ||
|---|---|---|---|
| 001 | 0000000355 | ||
| 005 | 20151021151047.0 | ||
| 008 | 070123s xx 000 0 eng d | ||
| 020 |
_a0070472580 : _cKES 2,100 |
||
| 040 |
_aKABU _cKABU |
||
| 050 | 0 |
_aTK7868 _b.D5L43 1995 |
|
| 100 | 1 |
_aLeach, Donald P. _@0000148511 |
|
| 245 | 1 | 0 |
_aDigital : _bprinciples and applications / _cDonald P. Leach, Albert Paul Malvino. |
| 250 | _a5th ed. | ||
| 260 |
_aNew Delhi : _bTata McGraw-Hill, _c1995. |
||
| 300 | _ax, 638 p. | ||
| 650 | 0 |
_aDigital electronics. _@0000148512 |
|
| 700 | 1 |
_aMalvino, Albert Paul. _@0000148513 |
|
| 908 | _a070123 | ||
| 950 | _@1 | ||
| 999 |
_c211 _d211 |
||